Northwest Ethiopia; peoples and economy.

Bibliographic Details
Main Author: Simoons, Frederick J.
Format: Book
Language:English
Published: Madison : University of Wisconsin Press, 1960.
Subjects:

MARC

Tag First Indicator Second Indicator Subfields
LEADER 00000cam a2200000 4500
001 in00000051226
005 20151007065924.0
008 720927s1960 wiu b 00000 eng u
010 |a  60005660  
035 |a (OCoLC)00418702 
035 |9 AAE2972AM 
040 |c WSU  |d TXA  |d UtOrBLW 
049 |a TXAM  |c [464424] 
050 0 |a DT380  |b .S5 
092 |a 572.963  |b S611n, 1960 
100 1 |a Simoons, Frederick J. 
245 1 0 |a Northwest Ethiopia; peoples and economy. 
264 1 |a Madison :  |b University of Wisconsin Press,  |c 1960. 
300 |a 250 pages 
336 |a text  |b txt  |2 rdacontent 
337 |a unmediated  |b n  |2 rdamedia 
338 |a volume  |b nc  |2 rdacarrier 
504 |a Bibliography: pages 221-230. 
650 0 |a Ethnology  |z Ethiopia. 
999 |a MARS 
999 f f |s 3bf8fae9-35f8-3b29-aea0-b75fe6504c41  |i 5ce6c70a-a04e-3abc-9ec6-140358aa8d24  |t 0 
952 f f |p ric  |a Texas A&M University  |b Rellis Campus  |c Joint Library Facility  |d Remote Storage  |t 0  |e DT380 .S5  |h Library of Congress classification  |i unmediated -- volume  |m A14800968441 
998 f f |a DT380 .S5  |t 0  |l Remote Storage